Регионална библиотека "Любен Каравелов" - Русе

Багдадският крадец (Запис номер 122478)

MARC детайли
000 -Лидер
Контролно поле с фиксирана дължина 01822nam a2200349 c 4500
003 - Код на организацията, давaща контролен номер
Контролно поле BLK
005 - Дата и час на последна редакция
Контролно поле 20180422110835.0
008 - Елементи от данни с фиксирана дължина
fixed length control field 180409b bul|||||r ||||||| ||bul||
010 ## - Наследен системен номер
LC control number KNG00128119000
020 ## - Международен стандартен номер на книга ISBN
Международен стандартен номер на книга ISBN 954-8051-08-7
-- издат.: Пионер-Ананда
040 ## - Източник на каталожния запис
Идентификатор на билиотеката - собственик на записа BLK
041 ## - Код за език
Код за езика на текст/звукозапис или на отделно заглавие Български
Код за езика КДБФ Български
080 ## - УДК
Текстов определител УДК Арабска литература. Подразделя се с помощта на общите определители на място (5/6)
УДК код - определител по УДК 821.411.21
УДК определител -93-34
УДК - код + определител 821.411.21-93-34
139 ## - Редно поле
Редна дума Багдадският крадец
Авторски знак Баг - Б 13
245 10 - Сведения за заглавието
Заглавие Багдадският крадец
Подзаглавни данни Приказки от Хиляда и една нощ
Редно поле (дума) състав. и ред. Йордан Тошев Милев; прев. от нем. Цветана Узунова-Калудиева; прев. от нем. Киряк Цонев; * Цветана Узузнова-Калудиева; * Киряк Цонев Цонев.
257 ## - Страна на издаване
Страна на създаване/издаване Сборници - Свят
260 ## - Област на издателските данни
-- София
Име на издателя, разпространителя и проч. Пионер-Ананда
Година на издаване 1993
300 ## - Физическа характеристика
Страници 190 с.
Размери/Мащаб 21 см
380 ## - Жанр
Жанр Детска худож. лит.
490 1# - СЕРИИ (Колекции)
Име на серия Златни страници от Ориента
500 ## - Общи забележки
Забележка Прев. от нем. изд. ; Ориг. загл. на араб. ез.
700 1# - Други автори (авторска отговорност)
Лично име Милев, Йордан Тошев
Автороска отговорност (Описва отношението между автора и произведението) състав. и ред.
9 (RLIN) 367325
700 1# - Други автори (авторска отговорност)
Лично име Узунова-Калудиева, Цветана
Автороска отговорност (Описва отношението между автора и произведението) прев. от нем.
9 (RLIN) 364877
700 1# - Други автори (авторска отговорност)
Лично име Цонев, Киряк
Автороска отговорност (Описва отношението между автора и произведението) прев. от нем.
9 (RLIN) 377118
700 1# - Други автори (авторска отговорност)
Лично име Узузнова-Калудиева, Цветана
Автороска отговорност (Описва отношението между автора и произведението) *
9 (RLIN) 132391
700 1# - Други автори (авторска отговорност)
Лично име Цонев, Киряк Цонев
Автороска отговорност (Описва отношението между автора и произведението) *
9 (RLIN) 368674
852 ## - Местоположение
Форматна сигнатура Цб 254457
856 4# - Електронен адрес и достъп
Електронен формат pdf - файл
Път до файла /url/
856 4# - Електронен адрес и достъп
Електронен формат pdf - файл
Път до файла /url/
942 ## - АРТИКУЛИ
Вид на библиотечния материал Книги
Скрит в OPAC Не
944 ## - СЪЗДАВАНЕ И РЕДАКЦИЯ на ЗАПИСА
Създаване/Редакция Създаване
Дата на регистрацията/редакция 01.03.2012
Статус, дата на статуса 01.03.2012 - от С1,Р / 01.03.2012
Служител, извършил регистрацията/редакцията Ирена_Русанова
944 ## - СЪЗДАВАНЕ И РЕДАКЦИЯ на ЗАПИСА
Създаване/Редакция Редакция
Дата на регистрацията/редакция 01.03.2012
Статус, дата на статуса 01.03.2012 - от С1,Р / 01.03.2012
Служител, извършил регистрацията/редакцията
999 ## - СИСТЕМНИ КОНТРОЛНИ НОМЕРА
Koha biblionumber 122478
Koha biblioitemnumber 122478
Наличности
Код за отписване Код за изгубен артикул Източник на класификационната схема Код за повреда Коз за рестрикции Код за отдаване Артикулен № Име на библиотеката - собственик Име на библиотеката, в която се намира в момента Статус (Текущо местоположение) Дата на вписване в системата Местоположение - отдел Цена в лева Инвентарен номер Систематично азбучна сигнатура Баркод Номер на екземпляра Цена в евро Служебна бележка Служебен тип на артикула
  Не е изгубен Universal Decimal Classification Не е повреден без рестрикции ползва се в читалня 198144 Регионална библиотека "Любен Каравелов" Русе Регионална библиотека "Любен Каравелов" Русе Хранилище 1993-01-01 Хранилище 0.49 576687 Цб 254457 120000576687 1 0.25 N: стар фонд Дата: 01.01.1993 Книги
Vip Innovations Ltd, Rousse, Bulgaria 2025